| 000 | 00000nam 2200000za 4500 |
| 001 | 9.860966 |
| 003 | CaOODSP |
| 005 | 20230809134413 |
| 007 | cr ||||||||||| |
| 008 | 180822m20182019quc ob f000 0 eng d |
| 040 | |aCaOODSP|beng |
| 041 | |aeng|bfre |
| 043 | |an-cn--- |
| 086 | 1 |aP29-003-014-2018E-PDF |
| 245 | 00|aPropane for fuel purposes |h[electronic resource]. |
| 260 | |aGatineau : |bCanadian General Standards Board : |bStandards Council of Canada, |c2018, 2019. |
| 300 | |a17 p. + |ecorrigendum ([1] p.) |
| 490 | 1 |aNational standard of Canada ; |vno. 3.14-2018 |
| 500 | |a"August 2018." |
| 500 | |a"Corrigendum January 2019." |
| 500 | |a"Experience and excellence"--Cover. |
| 500 | |aSupersedes CAN/CGSB-3.14-2013. |
| 500 | |aIssued also in French under title: Propane utilisé comme carburant. |
| 504 | |aIncludes bibliographical references. |
| 520 | |a"This standard describes two grades of propane used for fuel purposes. These grades consist mainly of hydrocarbons containing three carbon atoms"--Scope, p. 1. |
| 546 | |aText in English, corrigendum in English and French. |
| 692 | 07|2gccst|aFuels |
| 692 | 07|2gccst|aPetroleum |
| 692 | 07|2gccst|aStandards |
| 710 | 2 |aStandards Council of Canada. |
| 710 | 2 |aCanadian General Standards Board. |
| 775 | 08|tPropane utilisé comme carburant |w(CaOODSP)9.860970 |
| 794 | |tPropane for fuel purposes.|b2023|w(CaOODSP)9.926023 |
| 795 | |tPropane for fuel purposes |b2013|w(CaOODSP)9.840411 |
| 830 | #0|aNational standard of Canada ;|vno. 3.14-2018.|w(CaOODSP)9.507848 |
| 856 | 40|qPDF|s1.11 MB|uhttps://publications.gc.ca/collections/collection_2018/ongc-cgsb/P29-003-014-2018-eng.pdf|zStandard |
| 856 | 40|qPDF|s21 KB|uhttps://publications.gc.ca/collections/collection_2019/ongc-cgsb/P29-003-014-2018-1.pdf|zCorrigendum |
| 986 | |aICS 75.160.20 |